Personnages des Schtroumpfs par images - Statistiques

Statistiques générales
  • Ce quiz a été pris 82 fois
  • Le résultat moyen est 18 sur 30
Statistiques - réponses
Par images Réponse % Correct
Gargamel
100%
Grand Schtroumpf
96%
Schtroumpfette
96%
Azrael
90%
Schtroumpf costaud
87%
Schtroumpf grognon
87%
Schtroumpf bricoleur
84%
Schtroumpf farceur
81%
Schtroumpf peureux
81%
Schtroumpf gourmand
79%
Schtroumpf paysan
79%
Schtroumpf à lunettes
77%
Bébé Schtroumpf
74%
Schtroumpf pâtissier
70%
Schtroumpf maladroit
69%
Schtroumpf coquet
66%
Le Schtroumpf docteur
64%
Schtroumpf paresseux
59%
Le cosmoschtroumpf
53%
Schtroumpf sauvage
53%
Schtroumpf tailleur
47%
Vieux Schtroumpf
40%
Le Schtroumpf reporter
36%
Le Cracoucass
26%
Schtroumpf narrateur
21%
Schtroumpf téméraire
16%
Sassette
10%
Bouton d'or
9%
Hackus
7%
Vexy
7%
Aucun quiz correspondant
Distribution des résultats
% des personnes avec chaque résultat
Percentile par nombre de réponses
Votre historique - résultats
Vous n’avez pas pris ce quiz